[Event "FRA-ch (Women)"]
[Site "Albi"]
[Date "2022.08.13"]
[Round "1.2"]
[White "Benmesbah, Natacha"]
[Black "Schippke, Manon"]
[Result "1-0"]
[WhiteElo "2268"]
[BlackElo "2119"]
[PlyCount "59"]
[EventDate "2022.08.12"]
[EventType "k.o."]
[EventRounds "4"]
[EventCountry "FRA"]
[SourceTitle "CBM 209 Extra"]
[Source "ChessBase"]
[SourceDate "2022.09.30"]
[SourceVersion "1"]
[SourceVersionDate "2022.09.30"]
[SourceQuality "1"]

1. e4 c5 2. Nf3 e6 3. b3 b6 4. Bd3 Bb7 5. 0-0 Nc6 6. Re1 Nf6 7. e5 Nd5 8. Be4 Be7 9. c4 Nc7 10. d4 d5 11. exd6 Qxd6 12. Nc3 0-0-0 13. d5 exd5 14. Bxd5 Nxd5 15. Nxd5 Qg6 16. Ne5 Rxd5 17. Nxg6 Rxd1 18. Nxe7+ Nxe7 19. Rxd1 Nf5 20. Bb2 h5 21. f3 Rh6 22. Kf2 g5 23. Re1 g4 24. Re5 Nh4 25. Rae1 Bc6 26. Re7 gxf3 27. Rxf7 fxg2 28. Ree7 Kd8 29. Rxa7 Ke8 30. Bg7 1-0

[Event "FRA-chT Top 16 Gp Haute"]
[Site "Chartres"]
[Date "2022.06.17"]
[Round "2.4"]
[White "Martsynovskaya, Marina"]
[Black "Benmesbah, Natacha"]
[Result "1/2-1/2"]
[WhiteElo "2070"]
[BlackElo "2280"]
[PlyCount "210"]
[EventDate "2022.06.16"]
[EventType "team-tourn"]
[EventRounds "4"]
[EventCountry "FRA"]
[SourceTitle "CBM 208 Extra"]
[Source "ChessBase"]
[SourceDate "2022.07.31"]
[SourceVersion "1"]
[SourceVersionDate "2022.07.31"]
[SourceQuality "1"]
[WhiteTeam "Chartres"]
[BlackTeam "Clichy Echecs 92"]
[WhiteTeamCountry "FRA"]
[BlackTeamCountry "FRA"]

1. e4 c5 2. Nf3 Nc6 3. d4 cxd4 4. Nxd4 Nf6 5. Nc3 e5 6. Ndb5 d6 7. Bg5 a6 8. Na3 Be6 9. Nc4 Rb8 10. g3 h5 11. h4 Nd4 12. Ne3 Be7 13. Bxf6 Bxf6 14. Ncd5 g6 15. c3 Nc6 16. Nxf6+ Qxf6 17. Qxd6 Rd8 18. Qc5 Ne7 19. Bg2 0-0 20. Nd5 Bxd5 21. exd5 b6 22. Qa3 Nxd5 23. Qxa6 e4 24. 0-0 e3 25. Rae1 Qe5 26. Bxd5 exf2+ 27. Kxf2 Qxd5 28. a3 Qf5+ 29. Kg1 Qh3 30. Re3 Rd2 31. Rf2 Rfd8 32. Rxd2 Rxd2 33. Qa8+ Kg7 34. Qf3 Rxb2 35. Re1 Qh2+ 36. Kf1 Rb5 37. Re2 Qh3+ 38. Ke1 Rb1+ 39. Kd2 Qd7+ 40. Ke3 Rb5 41. Qe4 Rd5 42. Kf2 Kh7 43. Kg2 Rf5 44. c4 Qd6 45. Qe3 Qc6+ 46. Qe4 Qa4 47. Qd3 Qa8+ 48. Kg1 Qf3 49. Qxf3 Rxf3 50. Kg2 Rxa3 51. Re7 Kg7 52. Rb7 Ra6 53. Rc7 Ra2+ 54. Kh3 Rf2 55. Rc6 Rf6 56. Rc7 Re6 57. c5 bxc5 58. Rxc5 Re2 59. Rb5 Kf6 60. Ra5 Re5 61. Ra7 Ke6 62. Rb7 Rf5 63. Kg2 Rd5 64. Ra7 Rd2+ 65. Kf3 Rd3+ 66. Kf4 f6 67. Ra6+ Rd6 68. Ra5 Rb6 69. Rc5 Rb4+ 70. Kf3 Rg4 71. Ra5 f5 72. Ra6+ Ke5 73. Ra5+ Kd4 74. Ra4+ Kd3 75. Ra3+ Kc2 76. Ra2+ Kb3 77. Ra6 Kb4 78. Rb6+ Kc5 79. Ra6 Kd5 80. Rb6 Ke5 81. Rb5+ Ke6 82. Rb6+ Kf7 83. Rb7+ Kf6 84. Rb6+ Kg7 85. Rb7+ Kh6 86. Rb6 Rd4 87. Ra6 Rd3+ 88. Kf4 Rd1 89. Kf3 Rf1+ 90. Ke2 Rg1 91. Kf2 Rd1 92. Kf3 Rd4 93. Rb6 Re4 94. Ra6 Kg7 95. Rb6 Kf7 96. Ra6 Re6 97. Ra5 Kf6 98. Kf4 Rc6 99. Rb5 Rd6 100. Ra5 Rd4+ 101. Kf3 Rd3+ 102. Kf4 Rd4+ 103. Kf3 Rd3+ 104. Kf4 Rd4+ 105. Kf3 Rd3+ 1/2-1/2